| 000 | 00798cam a2200229 i 4500 | ||
|---|---|---|---|
| 999 |
_c8205 _d8205 |
||
| 005 | 20250807143056.0 | ||
| 008 | 150115s2015 nyua b 001 0 eng | ||
| 010 | _a 2015000932 | ||
| 020 | _a9781138017122 | ||
| 042 | _apcc | ||
| 050 | 0 | 0 |
_aNA2728 _b.S745 2015 |
| 082 | 0 | 0 |
_a720.285 _223 |
| 100 | 1 |
_aStevens, James C., _eauthor. |
|
| 245 | 1 | 0 |
_aDigital vernacular : _barchitectural principles, tools, and processes / _cJames Stevens and Ralph Nelson. |
| 300 |
_axiv, 297 pages : _billustrations ; _c29 cm |
||
| 504 | _aIncludes bibliographical references and index. | ||
| 650 | 0 |
_aArchitectural design _xData processing. |
|
| 650 | 0 |
_aArchitecture _xComputer-aided design. |
|
| 650 | 0 |
_aVernacular architecture _xTechnological innovations. |
|
| 650 | 0 | _aArchitectural practice. | |
| 942 | _2ddc | ||